000 00997nam a22002537a 4500
005 20170124103120.0
010 _a271396
020 _c00.00
035 _a271396
037 _bCen Lib/Ret
040 _aDPL
_bHN
082 _a821
_bहेमराज
100 _aहेमराज
_9500
245 _aश्री शांति सरोवर /
_cहेमराज
246 _aShree shanti sarovar
_bby Hemraj
260 _aनई दिल्ली
_bश्री सत्य धर्म मंडल प्रकाशन
270 _a12- दरिया गंज
_bनई दिल्ली
_e110002
300 _a248पृष्ठ.
_c18सेमी(सजिल्द)
650 _aहिंदी साहित्य
_981774
650 _aसत्संग कीर्तन - दोहे
_981775
650 _aHindi literature
_981776
650 _aSatsang Kirtan - couplet
_981777
942 _2ddc
_cHN
_h821
_mहेमराज
999 _c118757
_d118757